| 000 | 00356nam a2200133Ia 4500 | ||
|---|---|---|---|
| 005 | 20260328104327.0 | ||
| 008 | 260328s9999||||xx |||||||||||||| ||und|| | ||
| 100 | _aWaterson, Merlin | ||
| 245 | 0 |
_aRescue & Reuse : _b Communities, Heritage and Architecture / _cMerlin Waterson |
|
| 260 | _bRiba | ||
| 300 | _a166 p. | ||
| 650 | _aARQUITECTURA | ||
| 942 | _cBK | ||
| 999 |
_c11575 _d11575 |
||